Statistická ročenka České republiky 2009

Na minha lista:
Detalhes bibliográficos
Autor Corporativo: Český statistický úřad
Formato: Livro
Idioma:tcheco
Publicado em: Praha Nakladatelství Scientia 2009
Assuntos:
Tags: Adicionar Tag
Sem tags, seja o primeiro a adicionar uma tag!

MARC

LEADER 00000nam$a2200000$$$4500
001 0109201
005 20260129103502.1
020 |a 978-80-250-1948-1 
041 0 |a cze 
044 |a CZ 
245 1 0 |a Statistická ročenka České republiky 2009 
264 1 |a Praha  |b Nakladatelství Scientia  |c 2009 
300 |a 807 s. 
610 2 0 |a Česko 
710 2 |a Český statistický úřad